Don Quixote Of The Microscope (Record no. 1235458)

MARC details
000 -LEADER
fixed length control field 00510nam a2200193Ia 4500
008 - FIXED-LENGTH DATA ELEMENTS--GENERAL INFORMATION
fixed length control field 151121s9999||||xx |||||||||||||| ||und||
082 ## - DEWEY DECIMAL CLASSIFICATION NUMBER
Classification number 920/WIL
082 ## - DEWEY DECIMAL CLASSIFICATION NUMBER
Item number HNW-50973
100 ## - MAIN ENTRY--PERSONAL NAME
Personal name Williams Harley
245 ## - TITLE STATEMENT
Title Don Quixote Of The Microscope
260 ## - PUBLICATION, DISTRIBUTION, ETC. (IMPRINT)
Name of publisher, distributor, etc "The Scientific Book Club, London।"
260 ## - PUBLICATION, DISTRIBUTION, ETC. (IMPRINT)
Date of publication, distribution, etc --
300 ## - PHYSICAL DESCRIPTION
Extent 255
600 ## - SUBJECT ADDED ENTRY--PERSONAL NAME
Personal name Williams Harley
630 ## - SUBJECT ADDED ENTRY--UNIFORM TITLE
Uniform title Don Quixote Of The Microscope
700 ## - ADDED ENTRY--PERSONAL NAME
Personal name Williams Harley
730 ## - ADDED ENTRY--UNIFORM TITLE
Uniform title Don Quixote Of The Microscope
942 ## - ADDED ENTRY ELEMENTS (KOHA)
Koha item type Book
Holdings
Withdrawn status Lost status Damaged status Not for loan Home library Current library Date acquired Total Checkouts Full call number Barcode Date last seen Price effective from Koha item type
        Hirachand Nemchand Wachanalaya, Solapur Hirachand Nemchand Wachanalaya, Solapur 11/21/2015   HNW-50973 HNW-50973 11/21/2015 11/21/2015 Book